000 00888nmc a2200313 a 4500
003 AR-BaBNM
005 20251128211315.0
008 163120s2002 ||||||||||||||000 | spa||
020 _a950-24-1018-1
040 _cAR-BaBNM
245 1 0 _aFiestas y actos escolares para el jardín
250 _a1ª ed.
260 _aBuenos Aires
_bAlbatros
_c2002
300 _a32 p.
_bil.
490 0 _aMaestras en el jardín
500 _aIncluye maquetas listas para armar
650 4 _aACTIVIDADES DE APRENDIZAJE
650 4 _aJUEGOS EDUCATIVOS
653 _aCONTENIDOS CURRICULARES
653 _aINTEGRACION DE AREAS
653 _aEDUCACION INICIAL
653 _aACTOS ESCOLARES
653 _aJARDINES DE INFANTES
700 1 _aOriglio, Fabrizio
_esupervisor
700 1 _aDelia, María Eugenia
_ecoordinador
700 0 _aIstvan
_eilustrador
942 _cBK
998 _craquel
999 _c19083
_d19083